000 01400nam a2200325 i 4500
003 EG-GICUC
005 20260327193842.0
008 260227s1965 ua |||fr|||| 00| 0 ara d
040 _a EG-GICUC
_bara
_c EG-GICUC
_d EG-GICUC
_erda
041 0 _aAra
082 0 4 _221
_a343.1
_b م ص . ق
092 0 4 _221
099 _aLaw1 10 343.1 م ص . ق 1965
110 1 _aمصر
_eمؤلف.
245 1 2 _aالقانون رقم 58 لسنة 1937بإصدار قانون العقوبات وفقاً للتعديلات التى أدخلت عليه حتى يناير سنة 1956 مع المذكرات الإيضاحية الخاصة به والقوانين المعدلة له /
_cتأليف مصر، المكتب الفنى، محكمة النقض.
264 3 _aالقاهرة :
_bالهيئة العامة لشئون المطابع الأميرية،
_c1965.
300 _a378 ؛صفحة
_c24 سم.
336 _2rda content
_atext
337 _2rda media
_aComputer
338 _2rda carrier
_aOnline Resource
546 _aالنص باللغة العربية
650 1 _aقانون العقوبات القسم العام
_2qrmak
650 1 _aالقانون الجنائى
_2qrmak
651 1 _2qrmak
710 _aالمكتب الفنى
710 _aمحكمة النقض
856 4 0 _uhttps://fll.law.cu.edu.eg/fulltext/bks/B10-08900.pdf
905 _a54
942 _2ddc
_cBK
_e21
_n0
999 _c64297
_d64297